Największe religie świata - Statystyki

Ogólne statystyki
  • Ten quiz został rozwiązany 1 129 razy
  • Średni wynik to 4 z 7
Statystyki odpowiedzi
Procentowy udział Religia % Poprawnych
33,43% Chrześcijaństwo
93%
24,35% Islam
92%
7,13% Buddyzm
87%
13,78% Hinduizm
64%
0,21% Judaizm
59%
0,36% Sikhizm
9%
0,11% Bahaizm
5%
Nie znaleziono quizów pasujących do podanych kryteriów
Rozkład punktacji
Procent ludzi z każdym wynikiem
Percentyl według liczby udzielonych odpowiedzi
Twoja historia wyników
Nie rozwiązałeś tego quizu